000 02320naa a2200349 4500
005 2009061906226.0
008 090619t xxu||||| |||| 00| 0 eng d
010 _aENG-94109
020 _a9780198063247
_c395.00
020 _a0198063245
_c395.00
035 _aEN-77642
035 _aB-361788-792
037 _bDBAD / PUB
037 _bUppal Book Store
040 _adpl
_bEnglish
082 _a863.16
100 _aMitra, Priti Kumar
245 _aThe dissent of Nazrul Islam:
_cby Priti Kumar Mitra
_bpoetry and history /
260 _aNew Delhi
_bOxford University Press
_c2009
270 _aYMCA Library Building, Jai Singh Road
_bNew Delhi
_e110 001
300 _axxiii, 330p.:
_c22cm(Hb )
_bb&w photos
500 _aIncludes glossary and bibliographical references
600 _aNazrul Islam, Kazi,1899-1977
_xCriticism and interpretation
942 _adpl
_cEN
_2ddc
_h863.16
_mMIT
999 _c27622
_d27622